Vista normal
Vista MARC
Entrada Materia (personas)
Número de registros utilizados en: 1
001 - CONTROL NUMBER
- control field: 81140
003 - CONTROL NUMBER IDENTIFIER
- control field: Co-BoUCM
005 - DATE AND TIME OF LATEST TRANSACTION
- control field: 20161014134250.0
008 - FIXED-LENGTH DATA ELEMENTS
- fixed length control field: 161014|| aca||aabn | a|a d
040 ## - CATALOGING SOURCE
- Original cataloging agency: Co-BoUCM
- Transcribing agency: Co-BoUCM
100 ## - HEADING--PERSONAL NAME
- Personal name: Lefévre, André
- Dates associated with a name: 1834-1904
670 ## - SOURCE DATA FOUND
- Source citation: Work cat.: (Co-BoUCM)69558: Perrault, Charles 1628-1703 37729, Les contes de Charles Perrault, [fecha desconocida]